000
00264nam a2200109Ia 4500
008
220204s9999 xx 000 0 und d
082
_a
82-3
_b
DEV
100
_a
Devoto, Bernard
245
4
_a
The Portable Mark Twain
260
_a
England
_b
Penguin
_c
1977
942
_c
BK
999
_c
33060
_d
33060